Numerical methods (Record no. 33089)

MARC details
000 -LEADER
fixed length control field 00395nam a2200169Ia 4500
020 ## - INTERNATIONAL STANDARD BOOK NUMBER
ISBN 0- 13- 626614- 2
050 ## - CALL MARK
Classification number QA 297 .H59/
100 ## - STATEMENT OF RESPONSIBILITY--MAIN AUTHOR NAME
Personal name Hornbeck, Robert W.
245 #0 - TITLE STATEMENT
Title Numerical methods
260 ## - PUBLICATION, DISTRIBUTION, ETC. (IMPRINT)
Place of publication New Jersey
260 ## - PUBLICATION, DISTRIBUTION, ETC. (IMPRINT)
Name of publisher Prentice- Hall, Inc.
260 ## - PUBLICATION, DISTRIBUTION, ETC. (IMPRINT)
Year of publication 1975
300 ## - PHYSICAL DESCRIPTION
Number of Pages 310 p
942 ## - ADDED ENTRY ELEMENTS (KOHA)
Koha item type Books
Holdings
Withdrawn status Lost status Source of classification or shelving scheme Damaged status Not for loan Permanent Location Current Location Shelving location Date acquired Accession Number Price effective from Koha item type
    Library of Congress Classification     NILE UNIVERSITY OF NIGERIA - MAIN LIBRARY NILE UNIVERSITY OF NIGERIA - MAIN LIBRARY Items on shelf 04/23/2025 0007515 04/23/2025 Books